Name All The Vikings Depth Chart - Statistics

General Stats
  • This quiz has been taken 2 times
  • The average score is 4 of 23
Answer Stats
Hint Answer % Correct
RB Dalvin Cook
100%
WR1 Justin Jefferson
100%
QB Kirk Cousins
100%
WR2 Adam Thielen
50%
RT Brian O'Neill
0%
RCB Cameron Dantzler
0%
LT Christian Darrisaw
0%
FB CJ Ham
0%
NT Dalvin Tomlinson
0%
WLB Danielle Hunter
0%
LILB Eric Kendricks
0%
LG Ezra Cleveland
0%
C Garrett Bradbury
0%
LDE Harrison Phillips
0%
SS Harrison Smith
0%
TE Irv Smith
0%
RDE Jaylen Twyman
0%
RG Jessie Davis
0%
RILB Jordan Hicks
0%
WR3 KJ Osborn
0%
FS Lewis Cine
0%
LCB Patrick Peterson
0%
SLB Za'Darius Smith
0%
No matching quizzes found
Score Distribution
Percent of People with Each Score
Percentile by Number Answered
Your Score History
You have not taken this quiz